000 00567cam a22001934a 4500
005 20250605164309.0
008 250528s ||||||||||||||||||||||||d
035 _a22415
020 _a9789608397224
040 _aGR-AtMCL
_bgre
_dGR-AtMCL
_eAACR2
245 1 _aΙΣΤΟΡΙΕΣ ΝΑ ΣΚΕΦΤΕΙΣ / ΜΕ ΤΙΣ ΙΣΤΟΡΙΕΣ ΚΟΙΜΟΥΝΤΑΙ ΤΑ ΠΑΙΔΙΑ ΚΑΙ ΞΥΠΝΑΝΕ ΟΙ ΜΕΓΑΛΟΙ
250 _a1
260 _bOpera,
_c1997
300 _a147
700 1 _aBucay Jorge
_98025
942 _cBK
999 _c7468
_d7468